01602nam a22003857a 4500003000500000005001700005008004100022010001000063011001000073035001000083040000900093090001000102100004000112245011900152260004000271300001000311502009100321590003700412590004100449590004100490590004100531590004100572590004100613590004200654650005700696650004400753650004100797901000700838942000900845949004300854949004800897999001700945952012600962952012801088CHAP20220329135949.0971013s1987 r 00010 d a44802 a45774 a49913 cCHAP aTesis00aRamos Oropeza, Javier David.994469 aModelos emíricos estadísticos para estimar rendimientos de caña en la región centro del estado de Veracruz aChapingo, Méx. :bEl autor,c1987 a94 h. aTesis (M. C. Esp. en Edafología) -- Colegio de Postgraduados. Centro de Edafología aALEPHb10c20130110lUCH01h1314 aBATCH-UPDb10c20130110lUCH01h0224 aBATCH-UPDb10c20130110lUCH01h1612 aBATCH-UPDb10c20130409lUCH01h2246 aBATCH-UPDb10c20130410lUCH01h1409 aBATCH-UPDb10c20130914lUCH01h0836 aCONVERSIONb10c20130109lUCH01h132514aCaña de azúcarxMétodos estadísticos.91863214aCaña de azúcarxRendimiento.91864314aCaña de azúcarzVeracruz.918672 aBK cFOLL bBCcTESd-112425eTS1h20018i49913si bBCcTESd-112426eTS2fc.2h20019i49913si c44802d44802 00102local4053708TESISaBCbBCcPA_TESISd2019-12-31fTESISl0p-112426r2019-12-31 00:00:00tc.2w2019-12-31yTESIS 00102local4051708TESISaBCbBCcPA_TESISd2019-12-31fTESISl0oTesisp-112425r2019-12-31 00:00:00w2019-12-31yTESIS